Rubber Board @ 75. 7. Statistics, thozhilalikshema vibhagangal (Record no. 75192)

MARC details
000 -LEADER
fixed length control field 00271nam a22000977a 4500
100 ## - MAIN ENTRY--AUTHOR NAME
Personal name Mathew, T.V.
245 ## - TITLE STATEMENT
Title Rubber Board @ 75. 7. Statistics, thozhilalikshema vibhagangal
260 ## - PUBLICATION, DISTRIBUTION, ETC. (IMPRINT)
Name of publisher Rubber, 692 (January): 2024. 18-21.
650 ## - SUBJECT ADDED ENTRY--TOPICAL TERM
Topical Term Rubber Board history
942 ## - ADDED ENTRY ELEMENTS (KOHA)
Koha item type Journals
Holdings
Withdrawn status Lost status Damaged status Not for loan Home library Current library Date acquired Koha item type
        RRII Library RRII Library 23/04/2024 Journals